Detalles MARC
| 000 -CABECERA |
| campo de control de longitud fija |
02722nam a2200217 a 4500 |
| 001 - NÚMERO DE CONTROL |
| campo de control |
000044700 |
| 005 - FECHA Y HORA DE LA ÚLTIMA TRANSACCIÓN |
| campo de control |
20230511100334.0 |
| 008 - DATOS DE LONGITUD FIJA--INFORMACIÓN GENERAL |
| campo de control de longitud fija |
141218s2014 dr ac 000 0 spa d |
| 020 ## - NÚMERO INTERNACIONAL ESTÁNDAR DEL LIBRO |
| Número Internacional Estándar del Libro |
9789945462746 |
| 040 ## - FUENTE DE LA CATALOGACIÓN |
| Centro catalogador/agencia de origen |
DO-SdBNP |
| Lengua de catalogación |
spa |
| Centro/agencia transcriptor |
BNPHU |
| 082 ## - NÚMERO DE LA CLASIFICACIÓN DECIMAL DEWEY |
| Número de clasificación |
xxxx |
| Número de documento/Ítem |
xxxx |
| 100 1# - ENTRADA PRINCIPAL--NOMBRE DE PERSONA |
| Nombre de persona |
Peralta Michel, José, |
| Fechas asociadas al nombre |
1931- |
| 9 (RLIN) |
46495 |
| 245 10 - MENCIÓN DE TÍTULO |
| Título |
En la Vega : |
| Resto del título |
resistencia antitrujillista... y más allá / |
| Mención de responsabilidad, etc. |
José Peralta Michel. |
| 250 ## - MENCIÓN DE EDICIÓN |
| Mención de edición |
2a ed. |
| 260 ## - PUBLICACIÓN, DISTRIBUCIÓN, ETC. |
| Lugar de publicación, distribución, etc. |
Santo Domingo : |
| Nombre del editor, distribuidor, etc. |
CPEP, |
| Fecha de publicación, distribución, etc. |
2014. |
| 300 ## - DESCRIPCIÓN FÍSICA |
| Extensión |
242 p. : |
| Otras características físicas |
il., retrs. ; |
| Dimensiones |
22 cm. |
| 500 ## - NOTA GENERAL |
| Nota general |
Incluye datos biográficos del autor en la contracubierta |
| 505 0# - NOTA DE CONTENIDO CON FORMATO |
| Título |
Mis primeros conocimientos de Trujillo -- |
| -- |
Una agresión injustificable -- |
| -- |
Un testimonio: historia de la causa -- |
| -- |
La juventud democrática en La Vega -- |
| -- |
El Partido Socialista Popular (PSP) -- |
| -- |
Comunicación histórica -- |
| -- |
Cambio de vida y actitud frente al régimen -- |
| -- |
Juan Rodriguez García: asedio y exilio -- |
| -- |
José Espaillat Rodríguez. Persecución y exilio -- |
| -- |
Resistencia y actividades conspirativas. Apresamientos, represión y muertes -- |
| -- |
Veganos marcados por la tiranía -- |
| -- |
Final de un decenio de actividades revolucionarias y represivas -- |
| -- |
El proyecto revolucionario de los hermanos Batista Clisante -- |
| -- |
Ney Pimentel: resistencia y muerte brutal -- |
| -- |
Comienzo de la resistencia y la conspiración interna en el 1959 -- |
| -- |
En La Vega: resistencia y conspiración -- |
| 505 0# - NOTA DE CONTENIDO CON FORMATO |
| Título |
Mártires veganos en Constanza, Maimón y Estero Hondo -- |
| -- |
Reactivación de la conspiración -- |
| -- |
Nuevo proyecto conspirativo ampliado -- |
| -- |
Las acciones revolucionarias de 10 y 11 de octubre -- |
| -- |
Descubrimiento de las acciones y prisión -- |
| -- |
Las torturas de "La 40" -- |
| -- |
Encierro en solitarias en la cárcel de "La Victoria" -- |
| -- |
Mi permanencia en solitaria -- |
| -- |
Dramático comportamiento de mi hermana Ninón -- |
| -- |
Cambio sorpresivo y encuentro familiar -- |
| -- |
De solitarias a "el pasillo" -- |
| -- |
De nuevo a "La 40" -- |
| -- |
Resistencia de veganos y represión -- |
| -- |
La "magnanimidad" de Trujillo en su carta de indulto -- |
| -- |
Regreso al hogar -- |
| -- |
La Iglesia y Trujillo |
| -- |
La madrugada del 31 de mayo y prisión -- |
| -- |
Firmantes de UCN y renuncia al Partido Dominicano -- |
| -- |
El 14 de Junio en La Vega -- |
| -- |
Ataque y destrucción del local del 14 de Junio -- |
| -- |
Asalto a las residencias del Dr. Gómez Yangüela y de Francisco Gómez Estrella -- |
| -- |
La noche del 19 noviembre -- |
| -- |
Veganos en la insurrección constitucionalista de 1963 -- |
| -- |
La muerte de Alfredo Antonio y otros hechos de Las Manaclas -- |
| -- |
Vigilancia y persecución -- |
| -- |
La Vega y Revolución Constitucionalista -- |
| -- |
La muerte de Carlos José Sebastián Gómez -- |
| -- |
La muerte de Stalin García Muñoz -- |
| 710 12 - PUNTO DE ACCESO ADICIONAL--NOMBRE DE ENTIDAD CORPORATIVA |
| Nombre de entidad corporativa o nombre de jurisdicción como elemento de entrada |
República Dominicana |
| Unidad subordinada |
Comisión Permanente de Efemérides Patria |
| 9 (RLIN) |
45309 |